Statistics for Rock Musicians' Birthnames

Click here to take the quiz!

General Stats

  • This quiz has been taken 1,569 times
    (1,568 since last reset)
  • The average score is 7 of 20

Answer Stats

Hint Answer % Correct
John BongioviJon Bon Jovi
93%
Reginald DwightElton John
69%
Robert ZimmermanBob Dylan
58%
Gordon SumnerSting
55%
Farrokh BulsaraFreddie Mercury
53%
Richard StarkeyRingo Starr
53%
William RoseAxl Rose
51%
Saul HudsonSlash
42%
Paul HewsonBono
42%
John LydonJohnny Rotten
40%
Vincent FurnierAlice Cooper
33%
Steven TallaricoSteven Tyler
33%
Ronald ScottBon Scott
27%
Chaim WitzGene Simmons
24%
Brian WarnerMarilyn Manson
22%
William BroadBilly Idol
14%
John RitchieSid Vicious
12%
Frank FerannaNikki Sixx
11%
John BaldwinJohn Paul Jones
8%
Robert DealMick Mars
6%

Score Distribution

Percentile by Number Answered

Percent of People with Each Score

Your Score History

You have not taken this quiz since the last reset